The brainrot quiz v2 - Statistics

General Stats
  • This quiz has been taken 360 times
  • The average score is 7 of 10
Answer Stats
Picture Answer % Correct
Sigma
91%
Skibidi toilet
89%
Hawktuah
78%
Lowtaperfade
75%
Ohio
71%
Glazing
63%
Mogging
58%
Evil jonkler
54%
Still water
44%
Those who know
35%
No matching quizzes found
Score Distribution
Percent of People with Each Score
Percentile by Number Answered
Your Score History
You have not taken this quiz